Crisis in the Primary classroom.. (Record no. 3733)

MARC details
000 -LEADER
fixed length control field 00505nam a22001937a 4500
003 - CONTROL NUMBER IDENTIFIER
control field OSt
005 - DATE AND TIME OF LATEST TRANSACTION
control field 20160425144501.0
008 - FIXED-LENGTH DATA ELEMENTS--GENERAL INFORMATION
fixed length control field 160425b xxu||||| |||| 00| 0 eng d
020 ## - INTERNATIONAL STANDARD BOOK NUMBER
International Standard Book Number 1853462454
040 ## - CATALOGING SOURCE
Transcribing agency DDC.
082 ## - DEWEY DECIMAL CLASSIFICATION NUMBER
Classification number 372GAL 1995
100 ## - MAIN ENTRY--PERSONAL NAME
Personal name Galton ,Maurice;
9 (RLIN) 8242
245 ## - TITLE STATEMENT
Title Crisis in the Primary classroom..
260 ## - PUBLICATION, DISTRIBUTION, ETC. (IMPRINT)
Place of publication, distribution, etc. London.
Name of publisher, distributor, etc. David Fulton Publishers.
Date of publication, distribution, etc. 1995.
300 ## - PHYSICAL DESCRIPTION
Extent 166p;
Other physical details ill;
Dimensions 24cm.
504 ## - BIBLIOGRAPHY, ETC. NOTE
Bibliography, etc includes references.
650 ## - SUBJECT ADDED ENTRY--TOPICAL TERM
Topical term or geographic name as entry element Education.
9 (RLIN) 1404
942 ## - ADDED ENTRY ELEMENTS (KOHA)
Source of classification or shelving scheme Dewey Decimal Classification
Koha item type Short Loan
Holdings
Withdrawn status Lost status Source of classification or shelving scheme Damaged status Not for loan Home library Current library Date acquired Source of acquisition Inventory number Total Checkouts Full call number Barcode Date last seen Price effective from Koha item type
    Dewey Decimal Classification     MUST Main Library MUST Main Library 25/04/2016   2001/15756   372GAL 1995 2016-1265 25/04/2016 25/04/2016 Short Loan
    Dewey Decimal Classification     MUST Main Library MUST Main Library 25/04/2016   2001/15757   372GAL 1995 2016-1266 25/04/2016 25/04/2016 Short Loan